000 00517nam a2200169Ia 4500
008 090201s9999 xx 000 0 und d
010 _aKPL-64721
040 _bमराठी
041 _aमराठी
082 _a20669
_b64721
100 _aजतिन रांगणेकर
245 _aएक जटायु
_cजतिन रांगणेकर
260 _c2004
_bजतिन रांगणेकर
300 _a174
_bमोठा
600 _aएक जटायु
942 _cBOOK
999 _c220428
_d220428